CREDIT APPRAISAL AND LENDING TECHNIQUES (Record no. 37002)

MARC details
000 -LEADER
fixed length control field 00261nam a2200109Ia 4500
008 - FIXED-LENGTH DATA ELEMENTS--GENERAL INFORMATION
fixed length control field 240625s9999 xx 000 0 und d
041 ## - LANGUAGE CODE
Language code of text/sound track or separate title eng
082 ## - DEWEY DECIMAL CLASSIFICATION NUMBER
Classification number 808.20 SHA
100 ## - MAIN ENTRY--PERSONAL NAME
Personal name SHARMA ARPAN
245 ## - TITLE STATEMENT
Title CREDIT APPRAISAL AND LENDING TECHNIQUES
260 ## - PUBLICATION, DISTRIBUTION, ETC.
Date of publication, distribution, etc. 2013
Holdings
Withdrawn status Lost status Damaged status Not for loan Home library Current library Shelving location Date acquired Barcode Date last seen Price effective from Koha item type
        IMTN IMTN Rack 38-A 01/16/2013 SP1743 06/25/2024 06/25/2024 Sp
Designed & Maintained by: LRC IMT Nagpur Contact: lrc@imtnag.ac.in© 2024. All Rights Reserved.